Fußballmannschaften für die Ibrahimovic spielte - Statistiken

Allgemein
  • Dieses Quiz wurde 584 mal gespielt
  • Das Durchschnittsergebnis liegt bei 10 aus 11
Antwortstatistiken
Jahre Spiele Tore Team % Korrekt
2010–2012 61 42 AC Mailand
99%
2020– 62 32 AC Mailand
99%
2009–2011 29 16 Barcelona
95%
2012–2016 122 113 Paris Saint-Germain
95%
2001– (International) 118 62 Schweden
94%
2006–2009 88 57 Inter Mailand
93%
2018–2019 56 52 LA Galaxy
89%
2016–2018 33 17 Manchester United
89%
2001–2004 74 35 Ajax
81%
1999–2001 40 16 Malmo FF
76%
2004–2006 70 23 Juventus
72%
Keine übereinstimmenden Quizze gefunden
Verteilung der Resultate
Anzahl Personen mit jedem Resultat
Perzentil nach korrekt beantworteten Fragen
Ihre Resultats-Entwicklung
Sie haben dieses Quiz noch nicht gespielt